Nghệ thuật quản lý : Phương pháp làm việc hiệu quả
Sách được trình bày rõ ràng về nội dung và hình thức, gồm 12 chương gói gọn trong 3 phần đề cập đến cách cải tiến công việc sao cho hiệu quả
Na minha lista:
| Autor principal: | |
|---|---|
| Formato: | Livro |
| Idioma: | Undetermined |
| Publicado em: |
Hà Nội
Lao động xã hội
2006
|
| Assuntos: | |
| Tags: |
Adicionar Tag
Sem tags, seja o primeiro a adicionar uma tag!
|
| Thư viện lưu trữ: | Trung tâm Học liệu Trường Đại học Cần Thơ |
|---|
| LEADER | 00865nam a2200217Ia 4500 | ||
|---|---|---|---|
| 001 | CTU_112606 | ||
| 008 | 210402s9999 xx 000 0 und d | ||
| 020 | |c 27000 | ||
| 082 | |a 658 | ||
| 082 | |b B745 | ||
| 100 | |a Bossidy, Larry | ||
| 245 | 0 | |a Nghệ thuật quản lý : | |
| 245 | 0 | |b Phương pháp làm việc hiệu quả | |
| 245 | 0 | |c Larry Bossidy; Hà Thiện Thuyên biên dịch | |
| 260 | |a Hà Nội | ||
| 260 | |b Lao động xã hội | ||
| 260 | |c 2006 | ||
| 520 | |a Sách được trình bày rõ ràng về nội dung và hình thức, gồm 12 chương gói gọn trong 3 phần đề cập đến cách cải tiến công việc sao cho hiệu quả | ||
| 650 | |a Achievement motivation,Management | ||
| 904 | |i Minh | ||
| 980 | |a Trung tâm Học liệu Trường Đại học Cần Thơ | ||